| 000 | 00744nam a2200229 u 4500 | ||
|---|---|---|---|
| 005 | 20240320063712.0 | ||
| 008 | 100426s2008 es r 000 0 spa d | ||
| 020 | _a9788466777124 | ||
| 035 | _aUPN01000175514 | ||
| 049 | _aCG | ||
| 050 | 4 |
_aPS1308 _bY3.6b |
|
| 100 | 1 |
_aTwain, Mark, _d1835-1910 _929455 |
|
| 245 | 1 | 3 |
_aUn yanqui en la corte del Rey Arturo / _cMark Twain ; tr. Juan Fernando Merino. |
| 260 |
_aMadrid : _bAnaya, _c2008. |
||
| 300 |
_a424 p. : _bil. |
||
| 440 | 0 |
_aTus libros selección ; _v54 |
|
| 534 |
_pTitulo original: _tA yankee at the Court of King Arthur, 1889 |
||
| 650 | 4 |
_aNovela estadounidense _94462 |
|
| 650 | 0 |
_aCaballeros y caballerÃa _vNovela _94452 |
|
| 650 | 4 |
_aVIAJES IMAGINARIOS _94444 |
|
| 905 | _aLibro | ||
| 999 |
_c147618 _d147618 |
||